Normal view
MARC view
- Pakistan.
Entry Corporate Name
001 - CONTROL NUMBER
- control field: 87943
003 - CONTROL NUMBER IDENTIFIER
- control field: NUST
005 - DATE AND TIME OF LATEST TRANSACTION
- control field: 20220111113001.0
008 - FIXED-LENGTH DATA ELEMENTS
- fixed length control field: 220111|| aca||aabn | a|a d
040 ## - CATALOGING SOURCE
- Original cataloging agency: NUST
- Transcribing agency: NUST
110 ## - HEADING--CORPORATE NAME
- Corporate name or jurisdiction name as entry element: Pakistan.
- Subordinate unit: Supreme Court
670 ## - SOURCE DATA FOUND
- Source citation: Work cat.: (NUST)587548: Civil law cases:, 2004.
